Datum a čas kvízu
26.5
Celkem bodů
Celkový počet nahraných bodů na tomto kvízu bez doplňovacích otázek.
8.
Pořadí na kvízu
Konečné umístění týmu na tomto kvízu.
Zaznamenané odpovědi
| # | Otázka | Odpověď | Body | Výsledky |
|---|---|---|---|---|
| 1. | Který 63letý muž se ve čtvrtek... | Jiří Kajínek | 0 | |
| 2. | Které tři evropské země uznaly... | Norsko, Španělsko, Irsko | 0.5 | |
| 3. | Jak se nazývá literární festiv... | Svět knihy | 1 | |
| 4. | Minulý týden byl oznámen konec... | ICQ | 1 | |
| 5. | Který klub, jenž byl ještě ned... | Příbram | 1 | |
| 6. | Středověk bývá obvykle ohranič... | D | 0 | |
| 7. | Jak se jmenoval významný střed... | Magna Carta (Magna charta libertatum) | 1 | |
| 8. | Přemyslovci v českých zemích v... | C | 1 | |
| 9. | Vytvořte z těchto středověkých... | 1A 2C 3B 4D | 0 | |
| 10. | Závěrem tématu se podíváme na... | tulipán | 0 |